Resumen de la historia general del arte / por Joaquin Folch y Torres
Descripción Física:
32 p. : il. ; 22 cm
Materias:
Història de l'art
MARC
| LEADER | 00000nam a2200000Ia 4500 | ||
|---|---|---|---|
| 001 | 20310 | ||
| 008 | 160829s1928 xx 000 0 cat d | ||
| 080 | |a 4185, exp. 49 | ||
| 100 | |a Folch i Torres, Joaquim |9 48366 | ||
| 245 | |a Resumen de la historia general del arte / por Joaquin Folch y Torres | ||
| 260 | |a Barcelona : |b David, |c 1928 | ||
| 300 | |a 32 p. : |b il. ; |c 22 cm | ||
| 650 | |a Història de l'art |9 48367 | ||
| 901 | |a Arxiu | ||
| 942 | |n 1 | ||
| 952 | |0 0 |1 0 |4 0 |6 4185_EXP_49 |7 1 |9 54496 |a Arxiu |b Arxiu |d 2016-12-01 |l 0 |o 4185, exp. 49 |p 20310 |r 2016-12-01 00:00:00 |w 2016-12-01 |y ARXIU | ||
| 999 | |c 58365 |d 58365 | ||